Impacts of selective logging on dipterocarp forests in Mindanao

Bibliographic Details
Main Author: UEBELHOR
Format: Book
Published: Philippines : (s.l.) , 1989
Series:Technical report ; no. 2
Subjects:

MARC

LEADER 00000cam a2200000 7i4500
001 0000002867
005 20040129.0
090 0 0 |a 583.624   |b UEB 1989 
100 1 0 |a UEBELHOR   |h K. 
245 1 0 |a Impacts of selective logging on dipterocarp forests in Mindanao   |c K. Uebelhor 
260 0 0 |a Philippines :   |b (s.l.) ,   |c 1989 
300 |a 45 p. ;   |c 30 cm. 
440 0 0 |a Technical report ; no. 2 
500 0 0 |a Bibliography : p. 40-41 
500 0 0 |a Philippine-German Dipterocarp Forest Management Project PN88.2047.4 
650 0 0 |a Dipterocarpaceae   |z Philippines 
650 0 0 |a Logging   |z Philippines 
998 |a JPSM 
999 |a 0000004521   |b Monograph   |c Open Shelf   |e Default branch